header

Agricultural technologies and tropical deforestation (Record no. 31568)

MARC details
000 -LEADER
fixed length control field 01489nam a2200349Ia 4500
245 00 - TITLE STATEMENT
Title Agricultural technologies and tropical deforestation
260 ## - PUBLICATION, DISTRIBUTION, ETC. (IMPRINT)
Place of publication New York :
Name of publisher CABI Pub.,
Year of publication 2001.
300 ## - PHYSICAL DESCRIPTION
Number of Pages xiv, 422 p. :
Other physical details ill., map.
500 ## - GENERAL NOTE
General note Based on papers presented at a workshop held in Turrialba, Costa Rica, Mar. 11-13, 1999.
650 #0 - SUBJECT ADDED ENTRY--TOPICAL TERM
Topical Term Deforestation
Topical Term Deforestation
Topical Term Agriculture
700 1# - ADDED ENTRY--PERSONAL NAME
Personal name Angelsen, Arild.
Personal name Kaimowitz, David.
856 40 - ELECTRONIC LOCATION AND ACCESS
Uniform Resource Identifier http://site.ebrary.com/lib/rucke/Doc?id=10256991

No items available.

© 2026 Rongo University
Contact us: librarian | system librarian | Rongo university